[Event "IND-chT 40th"]
[Site "Ahmedabad"]
[Date "2020.02.11"]
[Round "7.2"]
[White "Jay, Kundalia"]
[Black "Sahoo, Utkal Ranjan"]
[Result "0-1"]
[WhiteElo "2071"]
[BlackElo "2336"]
[PlyCount "110"]
[EventDate "2020.02.07"]
[EventType "team-swiss"]
[EventRounds "9"]
[EventCountry "IND"]
[SourceTitle "CBM 194 Extra"]
[Source "ChessBase"]
[SourceDate "2020.03.31"]
[SourceVersion "1"]
[SourceVersionDate "2020.03.31"]
[SourceQuality "1"]
[WhiteTeam "Gujarat IV"]
[BlackTeam "Odisha"]
[WhiteTeamCountry "IND"]
[BlackTeamCountry "IND"]

1. e4 e5 2. Nf3 Nc6 3. Bb5 a6 4. Ba4 Nf6 5. 0-0 Nxe4 6. Re1 Nc5 7. Bxc6 dxc6 8. d4 Ne6 9. Nxe5 Be7 10. Be3 0-0 11. f4 f6 12. Nf3 Re8 13. c4 c5 14. d5 Nf8 15. Nc3 Bd6 16. h3 Ng6 17. Qd2 h5 18. Qd3 Kf7 19. Ne4 Nxf4 20. Bxf4 Bxf4 21. Nxc5 Bd6 22. Ne4 Bd7 23. Nxd6+ cxd6 24. Qh7 Rxe1+ 25. Rxe1 Qh8 26. Qe4 Re8 27. Qf4 Rxe1+ 28. Nxe1 Qf8 29. Nf3 Kg8 30. Kf2 Qe7 31. Qe3 Kf7 32. Qxe7+ Kxe7 33. Ke3 a5 34. Nd4 h4 35. b3 g6 36. a3 b6 37. b4 axb4 38. axb4 Bc8 39. Nc6+ Kf7 40. Nd4 Bd7 41. Kd3 g5 42. Ke3 f5 43. Nc6 Kf6 44. Nd4 Ke5 45. Nc6+ Kf6 46. Nd4 Be8 47. Ne6 f4+ 48. Ke4 Bg6+ 49. Kf3 Bf5 50. Nc7 Bd3 51. Na8 Bxc4 52. Nxb6 Ba6 53. Nd7+ Kf5 54. Nf8 Bc4 55. Kf2 Bxd5 0-1

[Event "IND-chT 40th"]
[Site "Ahmedabad"]
[Date "2020.02.08"]
[Round "2.3"]
[White "Jay, Kundalia"]
[Black "Puranik, Abhimanyu Sameer"]
[Result "1/2-1/2"]
[WhiteElo "2071"]
[BlackElo "2597"]
[PlyCount "64"]
[EventDate "2020.02.07"]
[EventType "team-swiss"]
[EventRounds "9"]
[EventCountry "IND"]
[SourceTitle "CBM 194 Extra"]
[Source "ChessBase"]
[SourceDate "2020.03.31"]
[SourceVersion "1"]
[SourceVersionDate "2020.03.31"]
[SourceQuality "1"]
[WhiteTeam "Gujarat IV"]
[BlackTeam "Airports Authority"]
[WhiteTeamCountry "IND"]
[BlackTeamCountry "IND"]

1. e4 e5 2. Nf3 Nc6 3. Bb5 a6 4. Ba4 Nf6 5. d3 Bc5 6. 0-0 d6 7. c3 b5 8. Bb3 h6 9. Nbd2 0-0 10. a4 Rb8 11. axb5 axb5 12. Re1 Bb6 13. Nf1 Ne7 14. Ng3 Ng6 15. Qe2 Re8 16. h3 Be6 17. Bxe6 Rxe6 18. Be3 d5 19. Bxb6 Rbxb6 20. Ra7 b4 21. Rea1 Kh7 22. c4 Nf4 23. Qe3 d4 24. Qd2 Nd7 25. R1a5 Ng6 26. Ra8 Rb8 27. Rxb8 Nxb8 28. Rd5 Qf8 29. Rb5 Na6 30. h4 c6 31. Ra5 Nc5 32. Ra7 b3 1/2-1/2

[Event "New Delhi Parsvnath op-A 18th"]
[Site "New Delhi"]
[Date "2020.01.11"]
[Round "4"]
[White "Gupta, Abhijeet"]
[Black "Jay, Kundalia"]
[Result "1-0"]
[WhiteElo "2603"]
[BlackElo "2066"]
[PlyCount "119"]
[EventDate "2020.01.09"]
[EventType "swiss"]
[EventRounds "10"]
[EventCountry "IND"]
[SourceTitle "CBM 194 Extra"]
[Source "ChessBase"]
[SourceDate "2020.03.31"]
[SourceVersion "1"]
[SourceVersionDate "2020.03.31"]
[SourceQuality "1"]

1. Nf3 Nf6 2. c4 c6 3. g3 d5 4. Bg2 dxc4 5. 0-0 b5 6. a4 Bb7 7. d4 cxd3 8. Ne5 b4 9. Nxd3 e6 10. a5 Ba6 11. Qb3 Bxd3 12. Rd1 Be7 13. Rxd3 Qc8 14. Bg5 0-0 15. Nd2 Nbd7 16. Bxf6 gxf6 17. Rd4 Rb8 18. Nc4 c5 19. Rh4 f5 20. Rh3 Kh8 21. e4 fxe4 22. Bxe4 f5 23. Bg2 Rf7 24. Qe3 Nf8 25. Rc1 Rg7 26. Ne5 Qc7 27. a6 Bd6 28. Nc4 Be7 29. Rh5 Bf6 30. b3 Bd4 31. Qe2 Ng6 32. Kh1 Qd7 33. f4 Rbg8 34. Rf1 Rd8 35. Na5 Nf8 36. Rd1 Qc7 37. Nc4 Bc3 38. Rf1 Qd7 39. Bb7 Qd3 40. Qxd3 Rxd3 41. Na5 Bf6 42. g4 Rxg4 43. Nc6 Bd4 44. Nxa7 c4 45. Nb5 Bc5 46. bxc4 b3 47. Rg5 Rxg5 48. fxg5 b2 49. Kg2 Rb3 50. Rb1 Nd7 51. Bc8 Ne5 52. Bxe6 Nc6 53. Bxf5 Rb4 54. Bd3 Ne5 55. Be2 Nc6 56. h4 Be3 57. Bf3 Ne5 58. Bd5 Ra4 59. Rxb2 Rxa6 60. Nd4 1-0

[Event "Mumbai Wealth op 5th"]
[Site "Mumbai"]
[Date "2020.01.01"]
[Round "3"]
[White "Kulkarni, Vikramaditya"]
[Black "Jay, Kundalia"]
[Result "1-0"]
[WhiteElo "2328"]
[BlackElo "2088"]
[PlyCount "67"]
[EventDate "2019.12.30"]
[EventType "swiss"]
[EventRounds "9"]
[EventCountry "IND"]
[SourceTitle "CBM 194 Extra"]
[Source "ChessBase"]
[SourceDate "2020.03.31"]
[SourceVersion "1"]
[SourceVersionDate "2020.03.31"]
[SourceQuality "1"]

1. c4 e5 2. Nc3 Nc6 3. e3 Nf6 4. d3 d5 5. cxd5 Nxd5 6. Nf3 Be6 7. Be2 Be7 8. 0-0 0-0 9. Bd2 f5 10. Re1 Bf6 11. Bf1 e4 12. dxe4 Nxc3 13. bxc3 fxe4 14. Nd4 Bd5 15. c4 Nxd4 16. cxd5 Bh4 17. exd4 Bxf2+ 18. Kh1 Bxe1 19. Qxe1 Qxd5 20. Be3 c6 21. Qb4 b5 22. Be2 Kh8 23. Qa5 Rf3 24. gxf3 exf3 25. Bf1 Re8 26. Bf2 Re2 27. Re1 h6 28. Rxe2 fxe2+ 29. Bg2 Qf5 30. Qd8+ Kh7 31. Qh4 Qb1+ 32. Be1 Kg8 33. Be4 Qd1 34. Kg2 1-0

[Event "Bhopal op"]
[Site "Bhopal"]
[Date "2019.12.25"]
[Round "7"]
[White "Jay, Kundalia"]
[Black "Lund, Rachit"]
[Result "0-1"]
[WhiteElo "2088"]
[BlackElo "1625"]
[PlyCount "76"]
[EventDate "2019.12.21"]
[EventType "swiss"]
[EventRounds "10"]
[EventCountry "IND"]
[SourceTitle "CBM 194 Extra"]
[Source "ChessBase"]
[SourceDate "2020.03.31"]
[SourceVersion "1"]
[SourceVersionDate "2020.03.31"]
[SourceQuality "1"]

1. c4 Nf6 2. g3 e6 3. Bg2 d5 4. Nf3 Be7 5. 0-0 0-0 6. b3 b6 7. e3 Bb7 8. Bb2 Nbd7 9. Nc3 c5 10. cxd5 exd5 11. d4 Re8 12. Qc2 Rc8 13. Rac1 Ne4 14. dxc5 Bxc5 15. Qd3 Ndf6 16. Bh3 Rc7 17. Nb5 Rce7 18. Nbd4 Rc7 19. a3 a5 20. Nb5 Ba6 21. b4 axb4 22. axb4 Nxf2 23. Rxf2 Rxe3 24. Rxc5 Rxd3 25. Rxc7 Ne4 26. Rd7 Qf8 27. Na7 Nxf2 28. Kxf2 Bc8 29. Bxg7 Kxg7 30. Nxc8 Qxb4 31. Rxf7+ Kxf7 32. Ne5+ Kg7 33. Nxd3 Qd2+ 34. Kf3 Qxd3+ 35. Kf4 Qe4+ 36. Kg5 h6+ 37. Kh5 Qg6+ 38. Kh4 Qg5# 0-1

[Event "Gujarat op 2nd"]
[Site "Ahmedabad"]
[Date "2019.09.28"]
[Round "9"]
[White "Kadam, Om Manish"]
[Black "Jay, Kundalia"]
[Result "1-0"]
[WhiteElo "1930"]
[BlackElo "2097"]
[PlyCount "91"]
[EventDate "2019.09.22"]
[EventType "swiss"]
[EventRounds "10"]
[EventCountry "IND"]
[SourceTitle "EXT 2020"]
[Source "ChessBase"]
[SourceDate "2019.10.17"]
[SourceVersion "1"]
[SourceVersionDate "2019.10.17"]
[SourceQuality "1"]

1. e4 c5 2. Nf3 d6 3. d4 cxd4 4. Nxd4 Nf6 5. Nc3 a6 6. g3 e5 7. Nde2 Be7 8. Bg2 Be6 9. 0-0 h5 10. h3 Qc8 11. Kh2 Nbd7 12. a4 g6 13. Be3 Kf8 14. f4 h4 15. f5 hxg3+ 16. Nxg3 Bc4 17. Rf2 Kg7 18. Qf3 d5 19. exd5 e4 20. Qf4 Qb8 21. Qxb8 Raxb8 22. Kg1 Nxd5 23. Bd4+ Bf6 24. Bxf6+ N5xf6 25. b3 Bd5 26. fxg6 fxg6 27. Nxd5 Nxd5 28. Bxe4 N7f6 29. Bg2 Ne3 30. Re1 Rhe8 31. Rxf6 Kxf6 32. Ne4+ Rxe4 33. Bxe4 Nf5 34. Kf2 a5 35. Bd5 b5 36. Re6+ Kg5 37. b4 bxa4 38. bxa5 Rb5 39. Ba2 Rb2 40. a6 Rxa2 41. Rc6 Rb2 42. a7 a3 43. a8Q a2 44. Qd8+ Kf4 45. Rc4+ Ke5 46. Qh8+ 1-0

[Event "Gujarat op 2nd"]
[Site "Ahmedabad"]
[Date "2019.09.25"]
[Round "6"]
[White "Jay, Kundalia"]
[Black "Souhardo, Basak"]
[Result "0-1"]
[WhiteElo "2097"]
[BlackElo "2301"]
[PlyCount "150"]
[EventDate "2019.09.22"]
[EventType "swiss"]
[EventRounds "10"]
[EventCountry "IND"]
[SourceTitle "EXT 2020"]
[Source "ChessBase"]
[SourceDate "2019.10.17"]
[SourceVersion "1"]
[SourceVersionDate "2019.10.17"]
[SourceQuality "1"]

1. d4 Nf6 2. c4 g6 3. Nc3 Bg7 4. e4 d6 5. f3 0-0 6. Be3 Nbd7 7. Bd3 c5 8. d5 Ne5 9. Nge2 e6 10. dxe6 Bxe6 11. b3 b5 12. Nxb5 Nfg4 13. fxg4 Nxd3+ 14. Qxd3 Bxa1 15. 0-0 Be5 16. h3 Qd7 17. Bh6 Rfe8 18. Bg5 h6 19. Bxh6 f6 20. Bf4 Rad8 21. Nbc3 Kg7 22. Be3 g5 23. Rf3 Bf7 24. Nd1 Bg6 25. Nf2 Qb7 26. Bd2 Re6 27. Bc3 Rd7 28. g3 Re8 29. Kg2 Red8 30. Qe3 a5 31. h4 gxh4 32. gxh4 Re8 33. h5 Bh7 34. Ng3 Rde7 35. g5 fxg5 36. Qxg5+ Kh8 37. h6 Bxc3 38. Rxc3 Re6 39. Rf3 Rg8 40. Qd2 Bxe4 41. Nfxe4 Qxe4 42. Kf2 Qe5 43. Qxa5 Qb2+ 44. Kf1 Qc1+ 45. Kf2 Qb2+ 46. Kf1 Qc1+ 47. Kf2 Rxh6 48. Qc3+ Qxc3 49. Rxc3 Rh2+ 50. Kf3 Rxa2 51. Rd3 Rg6 52. Nf5 Rf6 53. Ke4 Re2+ 54. Re3 Rf2 55. Rh3+ Kg8 56. Ne7+ Kf7 57. Nd5 Re6+ 58. Kd3 Ree2 59. Rh7+ Kg6 60. Rd7 Re6 61. Nc7 Ree2 62. Rxd6+ Kf5 63. Nd5 Ke5 64. Rc6 Rd2+ 65. Kc3 Rc2+ 66. Kd3 Rfd2+ 67. Ke3 Rh2 68. Kd3 Rb2 69. Kc3 Rhc2+ 70. Kd3 Rc1 71. Rxc5 Rxb3+ 72. Kd2 Rh1 73. Rc7 Kd4 74. Kc2 Rhb1 75. Nc3 R3b2# 0-1

[Event "Gujarat op 2nd"]
[Site "Ahmedabad"]
[Date "2019.09.23"]
[Round "3"]
[White "Rahman, Ziaur"]
[Black "Jay, Kundalia"]
[Result "1-0"]
[WhiteElo "2492"]
[BlackElo "2097"]
[PlyCount "72"]
[EventDate "2019.09.22"]
[EventType "swiss"]
[EventRounds "10"]
[EventCountry "IND"]
[SourceTitle "EXT 2020"]
[Source "ChessBase"]
[SourceDate "2019.10.17"]
[SourceVersion "1"]
[SourceVersionDate "2019.10.17"]
[SourceQuality "1"]

1. Nf3 d5 2. g3 Nf6 3. Bg2 c6 4. 0-0 Bf5 5. b3 h6 6. Bb2 Nbd7 7. d3 e6 8. Nbd2 Bh7 9. c4 Be7 10. a3 a5 11. Ra2 0-0 12. Qa1 Re8 13. Ne5 Nxe5 14. Bxe5 Bf8 15. Rc1 Nd7 16. Bc3 Qc7 17. b4 axb4 18. axb4 Rxa2 19. Qxa2 d4 20. Bxd4 Bxb4 21. Qb2 e5 22. Be3 Bc5 23. Rb1 Bxe3 24. fxe3 Nc5 25. Qb4 Qe7 26. Nb3 Nxb3 27. Rxb3 Qxb4 28. Rxb4 e4 29. Rxb7 exd3 30. Bxc6 Rc8 31. e4 Bg6 32. Bd5 dxe2 33. Kf2 Bxe4 34. Bxe4 Re8 35. Kxe2 Rxe4+ 36. Kd3 Re1 1-0

[Event "Udaipur Lakecity op 1st"]
[Site "Udaipur"]
[Date "2019.09.20"]
[Round "10"]
[White "Saptarshi, Roy Chowdhury"]
[Black "Jay, Kundalia"]
[Result "0-1"]
[WhiteElo "2480"]
[BlackElo "2097"]
[PlyCount "64"]
[EventDate "2019.09.13"]
[EventType "swiss"]
[EventRounds "10"]
[EventCountry "IND"]
[SourceTitle "EXT 2020"]
[Source "ChessBase"]
[SourceDate "2019.10.17"]
[SourceVersion "1"]
[SourceVersionDate "2019.10.17"]
[SourceQuality "1"]

1. e4 c5 2. Nf3 d6 3. d4 cxd4 4. Nxd4 Nf6 5. f3 e5 6. Nb3 d5 7. Bg5 dxe4 8. Qxd8+ Kxd8 9. Bxf6+ gxf6 10. fxe4 Rg8 11. Nc3 Be6 12. 0-0-0+ Nd7 13. Bb5 Rxg2 14. Rxd7+ Bxd7 15. Rd1 Bh6+ 16. Kb1 Bd2 17. Nxd2 Bxb5 18. Nxb5 Ke7 19. Nc7 Rd8 20. Nd5+ Kf8 21. c4 Rxh2 22. Kc2 h5 23. b4 h4 24. Rg1 h3 25. Rg3 f5 26. Kc3 f4 27. Rg5 Rd6 28. Rxe5 Rxd2 29. Rh5 Rxa2 30. Nxf4 h2 31. Nd5 Rg6 32. Kb3 Rf2 0-1

[Event "Udaipur Lakecity op 1st"]
[Site "Udaipur"]
[Date "2019.09.17"]
[Round "7"]
[White "Jay, Kundalia"]
[Black "Konguvel, Ponnuswamy"]
[Result "0-1"]
[WhiteElo "2097"]
[BlackElo "2374"]
[PlyCount "87"]
[EventDate "2019.09.13"]
[EventType "swiss"]
[EventRounds "10"]
[EventCountry "IND"]
[SourceTitle "EXT 2020"]
[Source "ChessBase"]
[SourceDate "2019.10.17"]
[SourceVersion "1"]
[SourceVersionDate "2019.10.17"]
[SourceQuality "1"]

1. e4 c5 2. Nc3 Nc6 3. f4 g6 4. Nf3 Bg7 5. Bb5 Nd4 6. 0-0 Nxb5 7. Nxb5 d5 8. e5 a6 9. Nc3 d4 10. Ne4 Qd5 11. Qe2 Nh6 12. c4 Qc6 13. d3 0-0 14. b4 cxb4 15. Nxd4 Qb6 16. Be3 Ng4 17. Nf5 Nxe3 18. Qxe3 Qxe3+ 19. Nxe3 f5 20. Ng5 e6 21. d4 h6 22. Nf3 b5 23. cxb5 axb5 24. d5 exd5 25. Nxd5 Bb7 26. Nxb4 Rfd8 27. Kf2 g5 28. fxg5 hxg5 29. Nxg5 Rd2+ 30. Ke3 Rxg2 31. Rg1 Bxe5 32. Rxg2 Ra3+ 33. Ke2 Bxa1 34. Rg3 Rxg3 35. hxg3 Be5 36. Kf2 Kg7 37. Nf3 Bd6 38. a3 Kf6 39. Nd4 Bc5 40. Ke3 Be4 41. Nd3 Bb6 42. g4 Bxd3 43. Kxd3 Bxd4 44. Kxd4 0-1

[Event "New Delhi Parsvnath op-A 17th"]
[Site "New Delhi"]
[Date "2019.01.11"]
[Round "4"]
[White "Vignesh, NR."]
[Black "Jay, Kundalia"]
[Result "1-0"]
[WhiteElo "2461"]
[BlackElo "2054"]
[PlyCount "79"]
[EventDate "2019.01.09"]
[EventType "swiss"]
[EventRounds "10"]
[EventCountry "IND"]
[SourceTitle "CBM 188 Extra"]
[Source "ChessBase"]
[SourceDate "2019.02.26"]
[SourceVersion "1"]
[SourceVersionDate "2019.02.26"]
[SourceQuality "1"]

1. e4 c6 2. d4 d5 3. Nd2 dxe4 4. Nxe4 Nd7 5. c3 Ngf6 6. Nxf6+ Nxf6 7. Bc4 Qc7 8. Qf3 Bg4 9. Qg3 Qxg3 10. hxg3 e6 11. f3 Bf5 12. Ne2 Bd6 13. g4 Bg6 14. Bf4 Bxf4 15. Nxf4 Ke7 16. g5 Nd5 17. Bxd5 cxd5 18. Kd2 a5 19. a4 Rhb8 20. Ke3 Rh8 21. Kd2 Rhb8 22. Ke3 Rh8 23. Kd2 Rhb8 24. Ke3 b5 25. axb5 Rxb5 26. Ra2 Rab8 27. Rha1 Rxb2 28. Rxa5 R8b7 29. Rc5 Rc2 30. Ra8 Kd6 31. Rd8+ Ke7 32. Rg8 Ra7 33. Rcc8 Ra3 34. Rc7+ Kd6 35. Rgc8 Ra6 36. Nxg6 hxg6 37. Rxf7 Rxg2 38. Rcc7 e5 39. Rfd7+ Ke6 40. Re7+ 1-0

[Event "New Delhi Parsvnath op-A 17th"]
[Site "New Delhi"]
[Date "2019.01.10"]
[Round "3"]
[White "Jay, Kundalia"]
[Black "Lugovskoy, Maxim"]
[Result "1/2-1/2"]
[WhiteElo "2054"]
[BlackElo "2445"]
[PlyCount "86"]
[EventDate "2019.01.09"]
[EventType "swiss"]
[EventRounds "10"]
[EventCountry "IND"]
[SourceTitle "CBM 188 Extra"]
[Source "ChessBase"]
[SourceDate "2019.02.26"]
[SourceVersion "1"]
[SourceVersionDate "2019.02.26"]
[SourceQuality "1"]

1. e4 e6 2. Nc3 d5 3. d4 Bb4 4. e5 c5 5. a3 Bxc3+ 6. bxc3 Ne7 7. Qg4 Qc7 8. Bd3 cxd4 9. Ne2 dxc3 10. Qxg7 Rg8 11. Qxh7 Nbc6 12. f4 Qb6 13. Qh3 Bd7 14. Qf3 d4 15. Ng3 0-0-0 16. h4 Nf5 17. Ne4 Ne3 18. Nd6+ Kb8 19. Bxe3 dxe3 20. Nc4 Qc7 21. Nxe3 Nd4 22. Qf2 Bc6 23. Rd1 Qe7 24. h5 f5 25. exf6 Qxf6 26. h6 e5 27. h7 Rgf8 28. Ng4 Qg7 29. Nxe5 Rfe8 30. h8Q Rxh8 31. Rxh8 Qxh8 32. Bf1 Nxc2+ 33. Qxc2 Qh4+ 34. Ke2 Bb5+ 35. Ke3 Qg3+ 36. Ke4 Rf8 37. Bxb5 Rxf4+ 38. Kd5 Qg8+ 39. Kd6 Qf8+ 40. Ke6 Qg8+ 41. Kd6 Qf8+ 42. Ke6 Qg8+ 43. Kd6 Qf8+ 1/2-1/2

[Event "Gujarat op 1st"]
[Site "Ahmedabad"]
[Date "2018.10.11"]
[Round "9"]
[White "Swati, Ghate"]
[Black "Jay, Kundalia"]
[Result "1-0"]
[WhiteElo "2215"]
[BlackElo "2047"]
[PlyCount "63"]
[EventDate "2018.10.05"]
[EventType "swiss"]
[EventRounds "10"]
[EventCountry "IND"]
[SourceTitle "CBM 186 Extra"]
[Source "ChessBase"]
[SourceDate "2018.08.24"]
[SourceVersion "1"]
[SourceVersionDate "2018.08.24"]
[SourceQuality "1"]

1. b3 d5 2. Bb2 Bf5 3. g3 e6 4. Bg2 Nf6 5. d3 Be7 6. Nd2 h6 7. e4 Bh7 8. Qe2 0-0 9. h4 Nc6 10. e5 Nd7 11. Ndf3 f6 12. d4 Nb4 13. Kf1 Nxc2 14. Rd1 fxe5 15. dxe5 Nc5 16. Nh3 Nb4 17. Kg1 Nxa2 18. Nd4 Nb4 19. Nf4 Qc8 20. Bc3 Nc6 21. Ndxe6 Nxe6 22. Nxe6 Rf5 23. Bxd5 Kh8 24. g4 Rf7 25. Ng5 hxg5 26. Bxf7 gxh4 27. e6 Qf8 28. g5 Bxg5 29. Rd5 Qa3 30. Kg2 Qxb3 31. Rxg5 Qxc3 32. Rxh4 1-0

[Event "Gujarat op 1st"]
[Site "Ahmedabad"]
[Date "2018.10.07"]
[Round "3"]
[White "Jay, Kundalia"]
[Black "Rakesh, Kumar Jena"]
[Result "1-0"]
[WhiteElo "2047"]
[BlackElo "2388"]
[PlyCount "115"]
[EventDate "2018.10.05"]
[EventType "swiss"]
[EventRounds "10"]
[EventCountry "IND"]
[SourceTitle "CBM 186 Extra"]
[Source "ChessBase"]
[SourceDate "2018.08.24"]
[SourceVersion "1"]
[SourceVersionDate "2018.08.24"]
[SourceQuality "1"]

1. e4 d6 2. d4 Nf6 3. f3 g6 4. Be3 Bg7 5. Qd2 Nbd7 6. Bh6 Bxh6 7. Qxh6 c5 8. c3 Qb6 9. Qd2 0-0 10. Na3 Qc7 11. Ne2 a6 12. g4 b5 13. Ng3 b4 14. cxb4 cxd4 15. Qxd4 Ne5 16. Be2 Rb8 17. Qd2 Rd8 18. g5 Ne8 19. f4 Nc6 20. Nc2 d5 21. e5 d4 22. Bd3 Qb6 23. a3 Bh3 24. Ne4 Nc7 25. Qf2 a5 26. Qf3 Bf5 27. bxa5 Qxb2 28. 0-0 Nd5 29. Nb4 Ncxb4 30. axb4 Nc3 31. Nxc3 Bxd3 32. Na4 Qe2 33. Nc5 Qxf3 34. Rxf3 Be2 35. Rb3 Bc4 36. Rb2 Bb5 37. Kf2 Bc6 38. a6 Rb5 39. a7 Kg7 40. Ke2 e6 41. Kd3 Rb6 42. Ra5 Rc8 43. Kxd4 Ba8 44. b5 Rc7 45. Ra6 Rxa6 46. bxa6 Rxa7 47. Rb7 Rxa6 48. Rxf7+ Kxf7 49. Nxa6 Ke7 50. Kc5 Kd7 51. Nb4 Be4 52. Na2 Kc7 53. Nc3 Bf3 54. Nb5+ Kd7 55. Kb6 Bg2 56. Nd6 Bf3 57. Nf7 Ke7 58. Nh6 1-0